Southville International School and Colleges
Your cart is empty.
  • Cart
  • Lists
    Public lists Eva Luna New books Lux_list list_1
    Your lists Log in to create your own lists
  • Log in to your account
  • Your cookies
  • Search history
Southville International School and Colleges
  • Advanced search
  • Recent comments
  • Most popular
  • Libraries

Log in to your account

Log in with GOOGLE


If you do not have an external account, but do have a local account, you can still log in:

  1. Home
  2. MARC view: How strong is it? :
Normal view MARC view ISBD view

How strong is it? : (Record no. 118236)

[ view plain ]
MARC details
000 -LEADER
fixed length control field 00571nam a2200205Ia 4500
008 - FIXED-LENGTH DATA ELEMENTS--GENERAL INFORMATION
fixed length control field 140609s9999 xx 000 0 und d
020 ## - INTERNATIONAL STANDARD BOOK NUMBER
International Standard Book Number 9780439918664
050 ## - LIBRARY OF CONGRESS CALL NUMBER
Classification number TA 405
Item number .H55 2008
100 ## - MAIN ENTRY--PERSONAL NAME
Personal name Hillman, Ben.
245 ## - TITLE STATEMENT
Title How strong is it? :
Remainder of title a mighty book all about strength /
Statement of responsibility, etc Ben Hillman
260 ## - PUBLICATION, DISTRIBUTION, ETC. (IMPRINT)
Place of publication, distribution, etc New York :
Name of publisher, distributor, etc Scholastic,
Date of publication, distribution, etc c2008.
300 ## - PHYSICAL DESCRIPTION
Extent 48 p. :
Other physical details col. ill. ;
Dimensions 30 cm.
500 ## - GENERAL NOTE
General note Includes index.
521 ## - TARGET AUDIENCE NOTE
Target audience note
650 ## - SUBJECT ADDED ENTRY--TOPICAL TERM
Topical term or geographic name as entry element Mechanics.
650 ## - SUBJECT ADDED ENTRY--TOPICAL TERM
Topical term or geographic name as entry element Muscles.
650 ## - SUBJECT ADDED ENTRY--TOPICAL TERM
Topical term or geographic name as entry element Strength of materials.
942 ## - ADDED ENTRY ELEMENTS (KOHA)
Call number prefix Foreign
Koha item type Books
Holdings
Withdrawn status Lost status Damaged status Home library Current library Shelving location Date acquired Cost, normal purchase price Total Checkouts Full call number Barcode Date last seen Price effective from Koha item type
      College Library College Library General Circulation Section 06/09/2014 395.00   TA 405 .H55 2008 C18524 05/15/2018 06/09/2014 Books

How strong is it? :

APA

Hillman B., . (2008). How strong is it?. New York: Scholastic.

Chicago

Hillman Ben, . 2008. How strong is it?. New York: Scholastic.

Harvard

Hillman B., . (2008). How strong is it?. New York: Scholastic.

MLA

Hillman Ben, . How strong is it?. New York: Scholastic. 2008.

  • Place hold
  • Print
  • Cite
  • Add to your cart (remove)
  • Save record
    BIBTEX Dublin Core MARCXML MARC (non-Unicode/MARC-8) MARC (Unicode/UTF-8) MARC (Unicode/UTF-8, Standard) MODS (XML) RIS
  • More searches
    Search for this title in:
    Other Libraries (WorldCat) Other Databases (Google Scholar) Online Stores (Bookfinder.com) Open Library (openlibrary.org)

Exporting to Dublin Core...

SOUTHVILLE LIBRARY

Southville International School and Colleges Library

1281 Tropical Ave. Cor. Luxembourg St., BF Homes International, Las Pinas City

Tel. No. 8256374 / 252358 Loc. 117/146

Powered by Koha